[Event "OS INCLIVEIS"]
[Site "http://www.queenalice.com/game.php?id=1406134"]
[Date "2016.1.25"]
[Round "-"]
[White "adelio"]
[Black "lroque"]
[Result "1/2-1/2"]
[WhiteElo "1724"]
[BlackElo "1355"]

1. d4 d5 2. e4 e6 3. e5 Nc6 4. c3 g6 5. Be2 Bg7 6. h4 Nge7 7. Bg5 h6 8. Bf6 Bxf6
9. exf6 Ng8 10. g4 Qxf6 11. Nd2 g5 12. Ndf3 e5 13. hxg5 hxg5 14. Rxh8 Qxh8 15.
Nxg5 Qg7 16. Nxf7 Qxf7 17. Nf3 Bxg4 18. Nxe5 Bxe2 19. Qxe2 Nxe5 20. Qxe5+ Qe7
21. O-O-O Qxe5 22. dxe5 O-O-O 23. f4 Ne7 24. Rf1 Nf5 25. b4 Rf8 26. b5 b6 27. a4
Rh8 28. Kb2 Ne3 29. Rf3 Nf5 30. Kb3 Rg8 31. Rh3 Rg6 32. Rh8+ Kb7 33. Rd8 Rg4 34.
Rxd5 Rxf4 35. e6 Re4 36. Rxf5 Rxe6 37. Rf3 a5 38. bxa6+ Kxa6 39. c4 Ka5 40. Rf5+
Ka6 41. Rf8 c5 42. Ra8+ Kb7 43. Rh8 Re3+ 44. Kb2 Kc7 45. Rh2 Kd6 46. Ka2 Kc7 47.
Rh7+ Kb8 48. Rh8+ Ka7 49. Rh5 Ka6 50. Kb2 Ka5 51. Rh6 Re7 52. Kc3 Rb7 53. Kb3
Rd7 54. Rh3 Rd1 55. Kb2 Kxa4 56. Ra3+ Kb4 57. Rb3+ Ka5 58. Rb5+ Ka6 59. Rb3 Rd6
60. Ra3+ Kb7 61. Rh3 Rd4 62. Kc3 Kc7 63. Rh7+ Kd6 64. Kb3 Rd3+ 65. Ka4 Kc6 66.
Rh6+ Kb7 67. Rxb6+ Kxb6 1/2-1/2

[Event "Challenge"]
[Site "http://www.queenalice.com/game.php?id=1418464"]
[Date "2016.4.15"]
[Round "-"]
[White "lroque"]
[Black "Martial"]
[Result "1/2-1/2"]
[WhiteElo "1396"]
[BlackElo "1550"]

1. d4 d5 2. c4 e6 3. Nf3 Bb4+ 4. Bd2 Nc6 5. e3 Nf6 6. cxd5 exd5 7. Bb5 Bd7 8.
O-O a5 9. a3 Ne4 10. axb4 axb4 11. Rxa8 Qxa8 12. Qa4 O-O 13. Qxa8 Rxa8 14. Ne5
Nxd2 15. Nxd2 Nxe5 16. Bxd7 Nxd7 17. Rc1 c6 18. Nb3 b6 19. Kf1 h6 20. Rxc6 Ra2
21. Rd6 Rxb2 22. Rxd7 Rxb3 23. Rxd5 Rb1+ 24. Ke2 b3 25. Rb5 f5 26. Rxb6 Kh7 27.
d5 Rb2+ 28. Kf3 Rd2 29. Rxb3 Rxd5 30. Rb4 g5 31. Rd4 Ra5 32. h3 h5 33. g4 h4 34.
Kg2 Re5 35. Kf3 Kg6 36. gxf5+ Rxf5+ 37. Kg2 Kh5 38. f3 Ra5 39. e4 Ra2+ 40. Kf1
Ra1+ 41. Kg2 Ra2+ 42. Kh1 Ra1+ 43. Kg2 Ra2+ 44. Kh1 Ra1+ 45. Kg2 1/2-1/2

[Event "AUTO-BEG-635"]
[Site "http://www.queenalice.com/game.php?id=1422585"]
[Date "2016.5.11"]
[Round "2"]
[White "Laercio"]
[Black "lroque"]
[Result "1-0"]
[WhiteElo "2045"]
[BlackElo "1398"]

1. e4 e5 2. Nf3 Nc6 3. Bb5 d6 4. O-O Bg4 5. h3 Bh5 6. d3 Ne7 7. Bc4 g6 8. g4
Bxg4 9. hxg4 Qc8 10. Ng5 h6 11. Bxf7+ Kd8 12. Be6 Qb8 13. Nf7+ Ke8 14. Nxh8 Bg7
15. Qf3 Nd4 16. Qf7+ 1-0

[Event "AUTO-BEG-635"]
[Site "http://www.queenalice.com/game.php?id=1422586"]
[Date "2016.5.11"]
[Round "2"]
[White "lroque"]
[Black "Laercio"]
[Result "0-1"]
[WhiteElo "1414"]
[BlackElo "2051"]

1. d4 d5 2. e3 Nf6 3. c4 c5 4. Nd2 e6 5. Ngf3 Be7 6. Bd3 O-O 7. O-O Nc6 8. b3
cxd4 9. exd4 dxc4 10. Bxc4 Nxd4 11. Bb2 Nxf3+ 12. Nxf3 Qxd1 13. Rfxd1 b6 14. h3
Bb7 15. Ne5 Rfd8 16. Rd3 Rxd3 17. Bxd3 Rc8 18. Rd1 h6 19. Rc1 Rxc1+ 20. Bxc1 Nd5
21. Be4 f6 22. Ng6 Bd6 23. g3 Ba6 24. a4 Nc3 25. Kh2 Nxe4 26. h4 Nxf2 27. Kg2
Nd3 28. Be3 Bb7+ 29. Kh3 Bd5 30. Kg4 f5+ 0-1

[Event "AUTO-BEG-635"]
[Site "http://www.queenalice.com/game.php?id=1422593"]
[Date "2016.5.11"]
[Round "2"]
[White "lroque"]
[Black "ismaelfln"]
[Result "1-0"]
[WhiteElo "1426"]
[BlackElo "1463"]

1. d4 d5 2. e3 Nf6 3. c4 dxc4 4. Bxc4 e6 5. Nc3 Bb4 6. Bd2 Bxc3 7. Bxc3 O-O 8.
Nf3 a6 9. O-O b5 10. Bd3 Nc6 11. Re1 b4 12. Bd2 a5 13. Qc2 Bb7 14. Bb5 Na7 15.
Bc4 Bxf3 16. gxf3 Nc6 17. Kf1 e5 18. Rac1 exd4 19. exd4 Nxd4 20. Bd3 Nxf3 21.
Re3 Nxh2+ 22. Kg2 Nhg4 23. Rg3 Qd5+ 24. Be4 Qxe4+ 25. Qxe4 Nxe4 26. Bf4 Nxg3 27.
fxg3 Rac8 28. b3 c5 29. Bd6 Rfd8 30. Be7 Rd2+ 31. Kf3 Nh2+ 32. Ke3 1-0

[Event "AUTO-BEG-635"]
[Site "http://www.queenalice.com/game.php?id=1422594"]
[Date "2016.5.11"]
[Round "2"]
[White "ismaelfln"]
[Black "lroque"]
[Result "0-1"]
[WhiteElo "1446"]
[BlackElo "1443"]

1. e4 e5 2. Nf3 Nc6 3. Bb5 d6 4. Bxc6+ bxc6 5. O-O Bg4 6. h3 Bh5 7. g4 Bg6 8. d3
Ne7 9. Bg5 h6 10. Bxe7 Bxe7 11. c4 d5 12. cxd5 cxd5 13. Nxe5 dxe4 14. dxe4 Bxe4
15. Qxd8+ Rxd8 16. Nc3 Bf6 17. Nxe4 Bxe5 18. Nc5 O-O 19. Rad1 Bxb2 20. Rxd8 Rxd8
21. Nb7 Rd5 22. Rb1 Be5 23. Kg2 Rd2 24. a4 Ra2 25. a5 Bc3 26. Nc5 Rxa5 27. Rb8+
Kh7 28. Ne4 Bd4 29. Kg3 c5 30. Nd6 Be5+ 31. f4 Bxd6 0-1

[Event "Challenge"]
[Site "http://www.queenalice.com/game.php?id=1423488"]
[Date "2016.5.17"]
[Round "-"]
[White "eduardocosta"]
[Black "lroque"]
[Result "1-0"]
[WhiteElo "1671"]
[BlackElo "1403"]

1. e3 e5 2. c3 d5 3. Nf3 Bg4 4. Be2 Nf6 5. Nxe5 Bxe2 6. Qxe2 Nbd7 7. Nxd7 Qxd7
8. O-O Bd6 9. d4 O-O 10. Nd2 Rfe8 11. c4 1-0

[Event "Um Novo desafio."]
[Site "http://www.queenalice.com/game.php?id=1427954"]
[Date "2016.6.17"]
[Round "-"]
[White "RJGF"]
[Black "lroque"]
[Result "1/2-1/2"]
[WhiteElo "1925"]
[BlackElo "1459"]

1. d4 c6 2. e4 d5 3. e5 Qa5+ 4. Bd2 Qb6 5. Bc3 c5 6. Nf3 Bg4 7. dxc5 Qxc5 8. h3
Bxf3 9. Qxf3 e6 10. a3 Nc6 11. b4 Qe7 12. Bb5 a6 13. Bd3 Qg5 14. O-O Nxe5 15.
Bxe5 Qxe5 16. Nd2 Nf6 17. Rfe1 Qg5 18. Nb3 Bd6 19. Rac1 O-O 20. c4 dxc4 21. Bxc4
Rac8 22. Rxe6 Rxc4 23. Rxc4 fxe6 24. Qxb7 Qd5 25. Qxd5 Nxd5 26. Rc6 Rd8 27. Rxa6
Nc3 28. Nd4 Be5 29. Rxe6 Bxd4 30. Rc6 Be5 31. g3 Ra8 32. Re6 Bf6 33. f4 Rxa3 34.
Kf1 Rb3 35. g4 Rxb4 36. g5 Bd4 37. f5 Rb8 38. g6 hxg6 39. fxg6 Nd5 40. Ke1 Nf4
41. Re4 Bc3+ 42. Kd1 Nxh3 43. Kc2 Bf6 44. Re3 Nf4 45. Kd1 Nxg6 46. Ke2 Nf4+ 47.
Kf3 g5 48. Re4 Nh3 49. Re6 Kf7 50. Re4 Rb3+ 51. Kg2 Kg6 52. Re8 g4 53. Rg8+ Kf5
54. Kh1 Kf4 55. Kh2 Rb2+ 56. Kh1 Kf3 57. Rxg4 Be5 58. Rg3+ Kf4 59. Rxh3 Kg4 60.
Re3 Kf4 61. Re1 Kf3 62. Rxe5 Kg3 1/2-1/2

[Event "Challenge"]
[Site "http://www.queenalice.com/game.php?id=1433973"]
[Date "2016.7.31"]
[Round "-"]
[White "Wefferson44"]
[Black "lroque"]
[Result "1-0"]
[WhiteElo "1805"]
[BlackElo "1473"]

1. e4 c5 2. Bc4 d6 3. Qf3 Nf6 4. h3 g6 5. g4 Bg7 6. g5 Nbd7 7. gxf6 Bxf6 8. d3
Ne5 9. Qg3 a6 10. Nf3 Nxf3+ 11. Qxf3 Qa5+ 12. c3 O-O 13. h4 b5 14. Bb3 b4 15. c4
Bb7 16. h5 Qc7 17. hxg6 fxg6 18. Qh3 Bc8 19. Qxh7# 1-0

[Event "Challenge"]
[Site "http://www.queenalice.com/game.php?id=1622823"]
[Date "2020.8.4"]
[Round "-"]
[White "flibbertygibbet"]
[Black "lroque"]
[Result "1-0"]
[WhiteElo "1475"]
[BlackElo "1387"]

1. e4 c5 2. Nf3 g6 3. d4 cxd4 4. Nxd4 Bg7 5. Be3 d6 6. c4 Nd7 7. Nc3 Ngf6 8. Be2
O-O 9. O-O Nc5 10. f3 Qb6 11. Rb1 1-0